• 首页
  • 本馆介绍
  • 公告通知
  • 最新文献
  • 馆藏检索
  • 电子资源
  • 读者导购
  • 参考咨询
  • 我的图书馆
  • 登录
  • 详细信息显示
  • 放入我的书架
  • 预约/预借图书
  • 作者相关作品
  • 分类相关作品
  • 丛书相关作品
  • 出版社相关作品

书目信息

  • 表格格式
  • 工作单格式
  • 卡片格式
题名:
经济计量学基础知识
    
 
作者: 张守一 编
分册:  
出版信息: 北京   中国社会科学出版社  1984
页数: 342页
开本: 19cm
丛书名: 现代管理科学丛书
单 册:
中图分类: F22
科图分类:
主题词: 经济--计算 , 经济数学--方法
电子资源:
ISBN:
000 00739nam2 2200277 45
001 0184013397
005 20040425110920.9
010    @dCNY1.00
091    @a4190.166
100    @a19950427d1984 em y0chiy0121 ea
101 0  @achi
102    @aCN@b110000
105    @ay z 000yy
106    @ar
200 10 @a经济计量学基础知识@Ajing ji ji liang xue ji chu zhi shi@f张守一编
210    @a北京@c中国社会科学出版社@d1984
215    @a342页@d19cm
225 2  @a现代管理科学丛书
410  0 @120010@a现代管理科学丛书
606 0  @a经济@x计算
606 0  @a经济数学@x方法
690    @aF22
701  0 @a张守一@Azhang shou yi@4编
801  0 @aCN@b上海图书馆@c20040425
801  2 @aCN@bNLC@c20040425
905    @f2@b167983-984@dF22@e80
    
    经济计量学基础知识/张守一编.-北京:中国社会科学出版社,1984
    342页;19cm.-(现代管理科学丛书)
    
    
    ISBN :CNY1.00
    
●
相关链接 在E读中查询图书 在五车中查询图书 在当当中查询图书 在豆瓣中查询图书


正题名:经济计量学基础知识     索取号:F22/80         预约/预借

序号 登录号 条形码 馆藏地/架位号 状态 备注
1 0167983   000206663   第一借阅区/ [索取号:F22/80] 在馆    
2 0167984   000206609   密集书库/ [索取号:F22/80] 在馆    
3 0167985   000206627   第一样本阅览室/ [索取号:F22/80] 在馆    
唐山师范学院图书馆 欢迎您!
大连网信软件有限公司© 版权所有